Normal view
MARC view
Entry Topical Term
001 - CONTROL NUMBER
- control field: 5925
003 - CONTROL NUMBER IDENTIFIER
- control field: HDC
005 - DATE AND TIME OF LATEST TRANSACTION
- control field: 20230624073222.0
008 - FIXED-LENGTH DATA ELEMENTS
- fixed length control field: 210121|| aca||aabn | a|a d
040 ## - CATALOGING SOURCE
- Original cataloging agency: HDC
- Transcribing agency: HDC
150 ## - HEADING--TOPICAL TERM
- Topical term or geographic name entry element: Chicken exports
670 ## - SOURCE DATA FOUND
- Source citation: Work cat.: (HDC): Januario de Souza, Leandro author 5924, Religious Requirements in Inter-organizational Networks of Halal Foods: Brazilian Chicken Exported to the Muslim Community / by , 2014
